000
00306nam a22001337a 4500
008
170524b xxu||||| |||| 00| 0 eng d
020
_a
3540507019
041
_a
eng
080
_a
62
100
_a
26
101
_a
IM
245
_a
LECUTRE NOTES IN ARTIFICIAL INTELLIGENCE
_c
SIEKMANN, J
942
_2
udc
_c
BK
999
_c
14054
_d
14054